Countries Closest to Georgia - Statistics

General Stats
  • This quiz has been taken 801 times
  • The average score is 18 of 20
Answer Stats
km country miles % Correct
0 Russia 0
99%
0 Armenia 0
98%
0 Azerbaijan 0
98%
0 Turkey 0
98%
189 Iran 118
96%
419 Iraq 260
95%
417 Ukraine 259
93%
428 Kazakhstan 266
92%
437 Syria 272
92%
479 Turkmenistan 298
91%
1042 Israel 648
90%
885 Lebanon 550
88%
844 Romania 525
88%
774 Uzbekistan 281
88%
919 Bulgaria 571
86%
843 Moldova 524
86%
956 Jordan 594
84%
1055 Saudi Arabia 656
83%
887 Cyprus 551
77%
1115 Belarus 693
72%
No matching quizzes found
Score Distribution
Percent of People with Each Score
Percentile by Number Answered
Your Score History
You have not taken this quiz